000 00729nam a2200253Ia 4500
003 OSt
005 20220923212421.0
006 a|||||r|||| 00| 0
007 ta
008 220922b |||||||| |||| 00| 0 hin d
024 _a152,771
037 _cTextual
040 _aARTS
_cARTS
_bhin
041 _2hin
_ahin
082 _aO122,3M40,1, 152J9
100 _aजोला, एमिल
245 0 _aनाना
246 _aNānā
260 _aदिल्ली
_b किताब महल
_c1959
300 _a213 पृ.
_ccm.
650 _aहिन्दी साहित्य
_9156264
942 _hO122,3M40,1, 152J9
_cTEXL
_2CC
999 _c308420
_d308420